| 000 | 00876nam a2200277 i 4500 | ||
|---|---|---|---|
| 003 | DO-SdBNP | ||
| 005 | 20241022123621.0 | ||
| 007 | ta | ||
| 008 | 240628b2013 dr ||||| |||| 00| 0 spa d | ||
| 020 | _a9780975326145 | ||
| 040 |
_aDO-SdBNP _bspa _cBNPHU _erda |
||
| 082 | 4 |
_aRD861.44 _bG934m _222 |
|
| 100 | 1 |
_aGuerrero A., Juan B., _eautor _985883 _4Aut. |
|
| 245 | 1 | 0 |
_aMi amigo el flamboyán / _cJuan B. Guerrero A. |
| 264 | 4 |
_aSanto Domingo : _bSantuario, _c©2013. |
|
| 300 |
_a231 páginas ; _c23 cm. |
||
| 336 |
_atexto _btxt _2rdacontent |
||
| 337 |
_asin mediación _bn _2rdamedia |
||
| 338 |
_avolumen _bnc _2rdacarrier |
||
| 500 | _aIncluye datos biográficos del autor en la solapa de la cubierta | ||
| 590 | _aInventariado, 2024/BT | ||
| 650 | 7 |
_aNovela dominicana _2LEMB _9223 |
|
| 650 | 7 |
_aLiteratura dominicana _2LEMB |
|
| 910 | _abtavárez | ||
| 942 |
_2ddc _cLBS1 |
||
| 999 |
_c57053 _d57053 |
||